| 000 | 00439nam a22001337a 4500 | ||
|---|---|---|---|
| 003 | SGT | ||
| 082 |
_a617.69 _bT26C |
||
| 100 | _aChoudhry, Udita | ||
| 245 | _aTo study the influence of Vitamin D3 supplements on the available bone quality and success of dental implants in mandibular posterior region in Indian postulation | ||
| 260 |
_aGurugram _bSGTU _c2026 |
||
| 300 | _a107 | ||
| 653 | _a Prosthodontics & Crown Bridge | ||
| 942 |
_2ddc _cTH |
||
| 999 |
_c34565 _d34565 |
||